[Event "CAN-op U2000"]
[Site "Kitchener CAN"]
[Date "2006.07.21"]
[Round "7"]
[White "Niemiec, Sebastian"]
[Black "Hendon, Lee"]
[Result "1-0"]
[WhiteElo "1583"]
[BlackElo "1654"]
[PlyCount "67"]
[EventDate "2006.07.15"]
[EventType "swiss"]
[EventRounds "9"]
[EventCountry "CAN"]

1. d4 d5 2. c4 e6 3. Nf3 Nf6 4. Bg5 Be7 5. e3 O-O 6. Qc2 c6 7. Bd3 Nbd7 8. O-O
dxc4 9. Qxc4 c5 10. Rd1 cxd4 11. Qxd4 Qa5 12. Nc3 b6 13. Ne4 Bb7 14. Nxf6+ Nxf6
15. Qh4 h6 16. Bxf6 Bxf6 17. Qg3 Bxb2 18. Rab1 Bf6 19. Rb5 Qa4 20. Rdb1 Rad8
21. Be2 Qxa2 22. Bd1 Rd5 23. R5b4 Rfd8 24. Ba4 Rd1+ 25. Bxd1 Be4 26. Rc1 Qa3
27. Rbc4 Kh7 28. Nd4 Rd5 29. Qg4 Bxg2 30. Bf3 Rg5 31. Qe4+ g6 32. Bxg2 b5 33.
Rc7 Kg7 34. Nxe6+ 1-0

[Event "CAN-op U2000"]
[Site "Kitchener CAN"]
[Date "2006.07.21"]
[Round "7"]
[White "O'Brien, Frank"]
[Black "Ferreira, Alex"]
[Result "0-1"]
[WhiteElo "1622"]
[BlackElo "1855"]
[PlyCount "60"]
[EventDate "2006.07.15"]
[EventType "swiss"]
[EventRounds "9"]
[EventCountry "CAN"]

1. d4 d5 2. c4 e5 3. dxe5 d4 4. Nf3 Nc6 5. g3 Bb4+ 6. Bd2 Bc5 7. Bg2 Nge7 8.
O-O Ng6 9. Na3 Bxa3 10. bxa3 O-O 11. Bb4 Re8 12. Bc5 Ngxe5 13. Nxd4 Nxd4 14.
Qxd4 Qxd4 15. Bxd4 Nxc4 16. Rac1 Nxa3 17. Rxc7 Nb5 18. Rxc8 Raxc8 19. Be3 b6
20. Bf3 Red8 21. a4 Nd4 22. Bg4 f5 23. Bxd4 fxg4 24. e3 Rd5 25. f4 Rc4 26. f5
Rxa4 27. f6 Rdxd4 28. exd4 Rxd4 29. fxg7 Kxg7 30. Ra1 a5 0-1

[Event "CAN-op U2000"]
[Site "Kitchener CAN"]
[Date "2006.07.21"]
[Round "7"]
[White "Oberton, Daniel"]
[Black "Gareau, Don"]
[Result "1-0"]
[WhiteElo "1740"]
[BlackElo "1653"]
[PlyCount "93"]
[EventDate "2006.07.15"]
[EventType "swiss"]
[EventRounds "9"]
[EventCountry "CAN"]

1. e4 c5 2. Nf3 d6 3. d4 cxd4 4. Nxd4 Nf6 5. Nc3 a6 6. Bd3 Nc6 7. Nxc6 bxc6 8.
Qe2 Bg4 9. f3 Bc8 10. Be3 Nd7 11. f4 e6 12. a4 Qa5 13. O-O Nc5 14. Bc4 Nxe4 15.
Nxe4 d5 16. Bd3 dxe4 17. Bxe4 Bb7 18. c3 Be7 19. b4 Qc7 20. a5 O-O 21. Bb6 Qc8
22. Rad1 f5 23. Bf3 Rf6 24. Rd2 c5 25. Bxb7 Qxb7 26. bxc5 Rc8 27. Rfd1 Qc6 28.
Kh1 Rcf8 29. Qxa6 Bxc5 30. Qc4 Rg6 31. Qxc5 Qa4 32. Qb4 Qc6 33. a6 h5 34. a7
Re8 35. Qd6 Qe4 36. Qb8 Rxb8 37. axb8=Q+ Kh7 38. Qe5 Qc6 39. Bd4 h4 40. Qe3 Rg4
41. Qf3 Qb5 42. Be5 Kg6 43. Rd7 Qc4 44. Rxg7+ Kh5 45. h3 Kh6 46. hxg4 fxg4 47.
Qxg4 1-0

[Event "CAN-op U2000"]
[Site "Kitchener CAN"]
[Date "2006.07.21"]
[Round "7"]
[White "Ramenaden, Matthew"]
[Black "Gaciu, Vlad"]
[Result "0-1"]
[WhiteElo "1784"]
[BlackElo "1701"]
[PlyCount "82"]
[EventDate "2006.07.15"]
[EventType "swiss"]
[EventRounds "9"]
[EventCountry "CAN"]

1. e4 d6 2. d4 Nf6 3. Nc3 g6 4. Be3 c6 5. f3 b5 6. Qd2 Qc7 7. Bh6 Bxh6 8. Qxh6
b4 9. Na4 a5 10. Qe3 Nbd7 11. Bc4 Ba6 12. Bxa6 Rxa6 13. f4 d5 14. e5 Ne4 15.
Ne2 c5 16. Nxc5 Ndxc5 17. dxc5 Rc6 18. O-O e6 19. a3 bxa3 20. Rxa3 Rxc5 21. Nd4
O-O 22. Rb3 a4 23. Rb4 Rc4 24. Rb5 Qa7 25. c3 Qa6 26. Qd3 a3 27. Ra1 Ra4 28. b3
Ra5 29. c4 Nc5 30. Qc3 Rxb5 31. cxb5 Qb6 32. Rxa3 Ne4 33. Qb2 Rc8 34. Ra1 Rc2
35. Ra8+ Kg7 36. Qxc2 Qxd4+ 37. Kf1 Nd2+ 38. Ke1 Qe3+ 39. Kd1 Ne4 40. Qb2 Nf2+
41. Kc2 Qd3+ 0-1

[Event "CAN-op U2000"]
[Site "Kitchener CAN"]
[Date "2006.07.21"]
[Round "7"]
[White "Ritchie, Gordon"]
[Black "Supsup, Ferdinand"]
[Result "0-1"]
[WhiteElo "1787"]
[BlackElo "1880"]
[PlyCount "76"]
[EventDate "2006.07.15"]
[EventType "swiss"]
[EventRounds "9"]
[EventCountry "CAN"]

1. e4 c5 2. Nf3 d6 3. Bb5+ Bd7 4. Bxd7+ Qxd7 5. O-O g6 6. d4 Bg7 7. c4 cxd4 8.
Nxd4 Nc6 9. Be3 a6 10. Nc3 Nf6 11. f3 Ne5 12. b3 O-O 13. Rc1 h5 14. Nd5 Qd8 15.
Qd2 Kh7 16. Ne2 Ned7 17. Rfd1 Rb8 18. Nef4 Bh6 19. Nxf6+ Nxf6 20. Nd5 Bxe3+ 21.
Nxe3 Qb6 22. Kf1 Rbc8 23. Nd5 Nxd5 24. cxd5 Qb5+ 25. Qe2 Qa5 26. Rc2 Rc7 27.
Rdc1 Rfc8 28. Qd3 Kg7 29. Ke2 Qb6 30. Rc4 Rxc4 31. Rxc4 Rxc4 32. Qxc4 Qg1 33.
Qc3+ Kh7 34. Qc7 Qxg2+ 35. Ke3 Qg1+ 36. Kd3 Qxh2 37. Qxe7 Qf4 38. Ke2 h4 0-1

[Event "CAN-op U2000"]
[Site "Kitchener CAN"]
[Date "2006.07.21"]
[Round "7"]
[White "Schaefer, Klaus"]
[Black "Garel, Rick"]
[Result "1/2-1/2"]
[WhiteElo "1740"]
[BlackElo "1861"]
[PlyCount "64"]
[EventDate "2006.07.15"]
[EventType "swiss"]
[EventRounds "9"]
[EventCountry "CAN"]

1. e4 e6 2. d3 d5 3. Qe2 Nf6 4. Nf3 b6 5. e5 Nfd7 6. g3 c5 7. Bg2 Nc6 8. O-O
Be7 9. c4 d4 10. Re1 Bb7 11. Nbd2 h5 12. h4 Qc7 13. Ne4 O-O-O 14. Bf4 Nf8 15.
Nd6+ Bxd6 16. exd6 Qd7 17. Bh3 Ng6 18. Ne5 Nxf4 19. gxf4 Nxe5 20. fxe5 Qc6 21.
Kh2 Qf3 22. Qxf3 Bxf3 23. Kg3 Bc6 24. f4 g6 25. b4 Kd7 26. Reb1 Rb8 27. a4 a5
28. b5 Ba8 29. Rg1 Rbg8 30. Kf2 Re8 31. Raf1 Bb7 32. Rg5 Ba8 1/2-1/2

[Event "CAN-op U2000"]
[Site "Kitchener CAN"]
[Date "2006.07.21"]
[Round "7"]
[White "Semianiuk, Konstantin"]
[Black "McGlynn, Danny"]
[Result "0-1"]
[WhiteElo "1877"]
[BlackElo "1776"]
[PlyCount "122"]
[EventDate "2006.07.15"]
[EventType "swiss"]
[EventRounds "9"]
[EventCountry "CAN"]

1. e4 c6 2. d4 d5 3. exd5 cxd5 4. Bd3 Nc6 5. c3 e5 6. dxe5 Nxe5 7. Bc2 Be7 8.
Bf4 Ng6 9. Bg3 Nf6 10. Ne2 Bg4 11. h3 Bh5 12. Ba4+ Kf8 13. O-O Ne4 14. Bh2 Qb6
15. b4 Bh4 16. g4 Nxf2 17. Qxd5 Nxg4+ 18. Nd4 Nf6 19. Qd6+ Kg8 20. Qxb6 axb6
21. Bb3 Ne7 22. Nf5 Nxf5 23. Rxf5 Bg6 24. Rb5 Ne4 25. Bd5 Bg5 26. Bxb7 Rd8 27.
Rd5 h5 28. Rxd8+ Bxd8 29. Bxe4 Bxe4 30. Nd2 Bf5 31. Kg2 Bf6 32. Rf1 g6 33. Rf3
Kg7 34. Kf2 Ra8 35. Bf4 Rxa2 36. Kg1 Ra3 37. Nc4 Rxc3 38. Rxc3 Bxc3 39. Kg2
Bxb4 40. Nxb6 f6 41. Be3 Be4+ 42. Kg3 g5 43. Bd4 Bd6+ 44. Kf2 Kg6 45. Nd7 Be7
46. Kg3 h4+ 47. Kh2 Bf5 48. Nb6 Bd6+ 49. Kg2 Be6 50. Na4 f5 51. Nc3 g4 52. Bf2
Kh5 53. hxg4+ fxg4 54. Ne2 Bc4 55. Ng1 Bd5+ 56. Kf1 h3 57. Nxh3 gxh3 58. Bg1
Kg4 59. Ke2 Bc4+ 60. Kd2 Kg3 61. Ke1 Kg2 0-1

[Event "CAN-op U2000"]
[Site "Kitchener CAN"]
[Date "2006.07.21"]
[Round "7"]
[White "Thomson, Bruce"]
[Black "Solis, Jaime"]
[Result "0-1"]
[WhiteElo "1705"]
[BlackElo "1805"]
[PlyCount "160"]
[EventDate "2006.07.15"]
[EventType "swiss"]
[EventRounds "9"]
[EventCountry "CAN"]

1. e4 e5 2. Nf3 Nc6 3. Bb5 a6 4. Ba4 Nf6 5. O-O Be7 6. Re1 b5 7. Bb3 d6 8. c3
O-O 9. d4 Bg4 10. d5 Na5 11. Bc2 c5 12. Nbd2 h6 13. b3 Nb7 14. Nf1 Qc8 15. Ne3
Re8 16. Nxg4 Nxg4 17. h3 Nf6 18. Nh2 c4 19. b4 Qd7 20. Bd2 Nh7 21. Re3 Kh8 22.
Rg3 Rg8 23. f4 f6 24. f5 Bd8 25. Nf3 Bb6+ 26. Kf1 Ng5 27. Nh4 Kh7 28. Ng6 a5
29. h4 Nf7 30. a3 Qc7 31. Rc1 axb4 32. axb4 Qd7 33. Ra1 Rae8 34. Rh3 Ra8 35. g4
Nh8 36. h5 Nf7 37. Rc1 Rgb8 38. Kg2 Kg8 39. Qh1 Ra2 40. Qd1 Rba8 41. Rh1 Qc7
42. Kh3 Nbd8 43. Rf1 R2a3 44. Kg2 Qa7 45. Qe2 Ra2 46. Nh4 Qb7 47. Nf3 Qe7 48.
Be3 Qa7 49. Bxb6 Qxb6 50. Kg3 R8a3 51. Qe1 Qa7 52. Rf2 Kf8 53. Kg2 Kg8 54. Re2
Qb6 55. Kh1 Qa7 56. Kg2 Ra1 57. Rxa1 Rxa1 58. Qd2 Ng5 59. Bd1 Nxf3 60. Kxf3 Nf7
61. Kg2 Ng5 62. Qe1 Kf7 63. Rd2 Ke7 64. Re2 Kd7 65. Rd2 Kc7 66. Qe2 Kb7 67. Qe1
Qa3 68. Rc2 Qa7 69. Re2 Qa3 70. Rc2 Qb3 71. Qe2 Qb1 72. Rd2 Qxe4+ 73. Qxe4 Nxe4
74. Rc2 Rxd1 75. Kf3 Ng5+ 76. Ke2 Rxd5 77. Ra2 Nh3 78. Ra1 Nf4+ 79. Ke1 Rd3 80.
Rc1 Kc6 0-1

[Event "CAN-op U2000"]
[Site "Kitchener CAN"]
[Date "2006.07.21"]
[Round "7"]
[White "Upper, John"]
[Black "Blair, David"]
[Result "1-0"]
[WhiteElo "1993"]
[BlackElo "1908"]
[PlyCount "93"]
[EventDate "2006.07.15"]
[EventType "swiss"]
[EventRounds "9"]
[EventCountry "CAN"]

1. Nf3 d5 2. d4 Nf6 3. Bf4 e6 4. e3 Bd6 5. c3 Bxf4 6. exf4 Qd6 7. Ne5 Nc6 8.
Bd3 Bd7 9. Nd2 a6 10. Qe2 Ne7 11. O-O h5 12. Rfe1 O-O 13. h3 g6 14. Ndf3 Kg7
15. Ng5 Rae8 16. g4 hxg4 17. hxg4 Nh7 18. Nxd7 Qxd7 19. Qe5+ f6 20. Nxe6+ Kf7
21. Qxc7 Qxc7 22. Nxc7 Rc8 23. Ne6 Rg8 24. Nc5 Rc7 25. Re3 Nf8 26. Rae1 Rh8 27.
Be2 a5 28. Bf3 b6 29. Ne6 Rd7 30. Nxf8 Rxf8 31. Be2 Nc8 32. Ba6 Nd6 33. Re6 a4
34. Bd3 b5 35. a3 Rh8 36. Bb1 Rb8 37. g5 Ne4 38. Bxe4 Kxe6 39. Bxg6+ Kd6 40.
gxf6 Rf8 41. f7 Re7 42. Re5 Re6 43. Bh5 Rh6 44. Re8 Rhh8 45. Kg2 Kd7 46. Bg6
Kd6 47. Kf3 1-0

[Event "CAN-op U2000"]
[Site "Kitchener CAN"]
[Date "2006.07.21"]
[Round "7"]
[White "White, Chris"]
[Black "Smirlies, Joe"]
[Result "0-1"]
[WhiteElo "1552"]
[BlackElo "1736"]
[PlyCount "56"]
[EventDate "2006.07.15"]
[EventType "swiss"]
[EventRounds "9"]
[EventCountry "CAN"]

1. d4 d5 2. c4 dxc4 3. Nc3 e6 4. e4 Bb4 5. Bxc4 c5 6. Nf3 cxd4 7. Qxd4 Qxd4 8.
Nxd4 Bxc3+ 9. bxc3 Nf6 10. Nb5 Na6 11. f3 O-O 12. Nd6 Nc5 13. Bd2 b6 14. Kf2
Ba6 15. Bxa6 Nxa6 16. Be3 Rfd8 17. e5 Nd7 18. f4 f6 19. Bd4 Nab8 20. Nb5 fxe5
21. fxe5 Rc8 22. Nd6 Rf8+ 23. Ke3 Nc6 24. Rhf1 Ndxe5 25. Bxe5 Nxe5 26. h3 Rad8
27. Nb5 Nc4+ 28. Ke4 Nd2+ 0-1

[Event "CAN-op U2000"]
[Site "Kitchener CAN"]
[Date "2006.07.22"]
[Round "8"]
[White "Blair, David"]
[Black "Coppin, Wayne"]
[Result "0-1"]
[WhiteElo "1908"]
[BlackElo "1926"]
[PlyCount "73"]
[EventDate "2006.07.15"]
[EventType "swiss"]
[EventRounds "9"]
[EventCountry "CAN"]

1. d4 g6 2. e4 d6 3. Nf3 Nf6 4. Bd3 Bg7 5. Bg5 O-O 6. Nbd2 Nbd7 7. O-O e5 8. c3
h6 9. Bh4 g5 10. Bg3 Nh5 11. Nc4 Nf4 12. Bc2 Nb6 13. Ne3 Qf6 14. d5 Bd7 15. a4
Nc8 16. b4 Ne7 17. Ra3 h5 18. h3 Bh6 19. c4 Kh8 20. h4 g4 21. Nh2 Rg8 22. f3
gxf3 23. Rxf3 Rg7 24. Kh1 Rag8 25. Qe1 Qg6 26. Qf2 Bg4 27. Nhxg4 hxg4 28. Rxf4
exf4 29. Bxf4 g3 30. Qf3 Qf6 31. Nf5 Nxf5 32. Bg5 Bxg5 33. hxg5 Rh7+ 34. Kg1
Qd4+ 35. Kf1 Rh1+ 36. Ke2 Qxc4+ 37. Kd2 0-1

[Event "CAN-op U2000"]
[Site "Kitchener CAN"]
[Date "2006.07.22"]
[Round "8"]
[White "Ferreira, Alex"]
[Black "Mattson, Marvin"]
[Result "1-0"]
[WhiteElo "1855"]
[BlackElo "1718"]
[PlyCount "69"]
[EventDate "2006.07.15"]
[EventType "swiss"]
[EventRounds "9"]
[EventCountry "CAN"]

1. e4 e6 2. Qe2 b6 3. g3 c5 4. Bg2 Bb7 5. d3 d5 6. Bf4 Ne7 7. Nc3 a6 8. Rd1 d4
9. Nb1 Ng6 10. Bc1 e5 11. f4 exf4 12. gxf4 Be7 13. Nf3 Nh4 14. Nbd2 Nc6 15. a3
b5 16. O-O Nxg2 17. Qxg2 O-O 18. Rf2 a5 19. Nf1 Ra6 20. Ng3 Re8 21. Nf5 g6 22.
Nh6+ Kf8 23. f5 Bf6 24. Ng5 Ne5 25. Nxh7+ Kg7 26. fxg6 Bh4 27. Nf5+ Kh8 28.
Nxh4 Qxh4 29. gxf7 Nxf7 30. Rxf7 Rg8 31. Ng5 Bc8 32. Bf4 Re6 33. Kh1 Ree8 34.
Qg3 Qxg3 35. Rh7# 1-0

[Event "CAN-op U2000"]
[Site "Kitchener CAN"]
[Date "2006.07.22"]
[Round "8"]
[White "Morabito, Matthew"]
[Black "Upper, John"]
[Result "0-1"]
[WhiteElo "1800"]
[BlackElo "1993"]
[PlyCount "82"]
[EventDate "2006.07.15"]
[EventType "swiss"]
[EventRounds "9"]
[EventCountry "CAN"]

1. Nf3 d5 2. g3 Nf6 3. Bg2 c6 4. c4 dxc4 5. Qc2 g6 6. Qxc4 Bg7 7. Nc3 Be6 8.
Qa4 h6 9. d3 Qc8 10. Bf4 Nbd7 11. Nd4 Nb6 12. Qc2 Bh3 13. O-O Bxg2 14. Kxg2
Nfd5 15. Be3 Nxe3+ 16. fxe3 O-O 17. Nf3 Qe6 18. e4 Rfd8 19. Rab1 a5 20. a4 Qd6
21. Nd1 Nd7 22. b3 Nc5 23. Qc4 g5 24. Ne3 e6 25. Ng4 Nd7 26. d4 Nb6 27. Qd3 h5
28. e5 Qd7 29. Nxg5 Qd5+ 30. Kh3 hxg4+ 31. Kh4 Rd7 32. Qh7+ Kf8 33. Qg6 f6 34.
Nh7+ Ke7 35. Qxg7+ Kd8 36. Qxf6+ Kc7 37. Ng5 Rg8 38. e4 Qxe4 39. Nxe6+ Kb8 40.
Rf5 Qg2 41. Nf4 Qxh2+ 0-1

[Event "CAN-op U2000"]
[Site "Kitchener CAN"]
[Date "2006.07.22"]
[Round "8"]
[White "Wong, Wylon"]
[Black "Willms, Jeff"]
[Result "0-1"]
[WhiteElo "1989"]
[BlackElo "1936"]
[PlyCount "104"]
[EventDate "2006.07.15"]
[EventType "swiss"]
[EventRounds "9"]
[EventCountry "CAN"]

1. d4 Nf6 2. c4 e6 3. Nc3 Bb4 4. e3 O-O 5. Nge2 b6 6. a3 Bxc3+ 7. Nxc3 Bb7 8.
f3 d5 9. b4 Nbd7 10. Bb2 Re8 11. Be2 c6 12. O-O e5 13. cxd5 Nxd5 14. Nxd5 cxd5
15. Bb5 e4 16. Qa4 Re7 17. fxe4 dxe4 18. Bc6 Bxc6 19. Qxc6 Rc8 20. Qd5 Nf6 21.
Qg5 h6 22. Qg3 Nd5 23. Rac1 Rec7 24. Qe5 Nxe3 25. d5 Qg5 26. Qxg5 hxg5 27. d6
Rxc1 28. Rxc1 Rd8 29. Re1 Nc4 30. Bc1 Rxd6 31. Bxg5 f5 32. g4 g6 33. a4 Kf7 34.
Rc1 Ne5 35. gxf5 Nf3+ 36. Kf2 Nxg5 37. h4 Nf3 38. Rc7+ Kf6 39. fxg6 Kxg6 40.
Rxa7 Nxh4 41. Re7 Kf5 42. Ke3 Rd3+ 43. Ke2 Kf4 44. Re6 Ra3 45. Rxb6 Rxa4 46. b5
Rb4 47. Rf6+ Nf5 48. b6 Rb2+ 49. Ke1 e3 50. Rc6 Rb1+ 51. Ke2 Nd4+ 52. Kd3 Nxc6
0-1

[Event "CAN-op U2000"]
[Site "Kitchener CAN"]
[Date "2006.07.22"]
[Round "9"]
[White "Ferreira, Alex"]
[Black "Lawson, Jonathan"]
[Result "1-0"]
[WhiteElo "1855"]
[BlackElo "1910"]
[PlyCount "91"]
[EventDate "2006.07.15"]
[EventType "swiss"]
[EventRounds "9"]
[EventCountry "CAN"]

1. d4 Nf6 2. Bg5 g6 3. Bxf6 exf6 4. e3 Bg7 5. Nf3 d6 6. c3 f5 7. Nbd2 Nd7 8.
Bc4 Nb6 9. Bb3 Be6 10. a4 Bxb3 11. Qxb3 Rb8 12. a5 Nd7 13. Nf1 Qe7 14. Qc4 O-O
15. h4 f4 16. h5 g5 17. h6 Bf6 18. O-O-O fxe3 19. Nxe3 b5 20. Qc6 b4 21. c4 Qd8
22. Nd5 g4 23. Nh2 Bg5+ 24. Kb1 f5 25. f4 Be7 26. Nxc7 Nf6 27. Nd5 Rc8 28.
Nxf6+ Rxf6 29. Qd5+ Kh8 30. Nf1 Qd7 31. b3 Re6 32. Qxf5 d5 33. cxd5 Rd6 34.
Qxd7 Rxd7 35. Rh5 Rd6 36. Ne3 Rc3 37. Nc4 Rxb3+ 38. Ka2 Rg3 39. Nxd6 Rxg2+ 40.
Kb3 Bxd6 41. Rf5 Rg3+ 42. Kb2 Re3 43. Rc1 Re8 44. Rc6 Bb8 45. d6 Rg8 46. d7 1-0

[Event "CAN-op U2000"]
[Site "Kitchener CAN"]
[Date "2006.07.22"]
[Round "9"]
[White "Mattson, Marvin"]
[Black "Thorvardson, Barry"]
[Result "0-1"]
[WhiteElo "1718"]
[BlackElo "1853"]
[PlyCount "100"]
[EventDate "2006.07.15"]
[EventType "swiss"]
[EventRounds "9"]
[EventCountry "CAN"]

1. c4 g6 2. g3 Bg7 3. Bg2 c6 4. e3 d6 5. Ne2 e5 6. Nbc3 Be6 7. d3 f5 8. O-O Nd7
9. f4 Ngf6 10. Rb1 Ng4 11. h3 Ngf6 12. b4 a6 13. a4 Nh5 14. Kh2 exf4 15. exf4
O-O 16. Be3 Qc7 17. Nd4 Rae8 18. Qd2 Bf7 19. Rfe1 Re7 20. b5 axb5 21. axb5 Rfe8
22. Bf2 Rxe1 23. Rxe1 Rxe1 24. Qxe1 Qb6 25. bxc6 bxc6 26. Nce2 c5 27. Nc6 Qb2
28. Ne7+ Kf8 29. Nd5 Bxd5 30. Bxd5 Nb6 31. Bg2 Bf6 32. g4 fxg4 33. hxg4 Ng7 34.
Bg3 h6 35. Kh3 Qc2 36. Be4 Kf7 37. f5 gxf5 38. gxf5 Be5 39. Nf4 Ne8 40. Qa5
Bxf4 41. Bxf4 Qb1 42. Qa7+ Kf6 43. Qh7 Qf1+ 44. Kh4 Qxf4+ 45. Kh3 Qe3+ 46. Kh2
Qe2+ 47. Kg1 Qg4+ 48. Kf2 Qg7 49. Qxg7+ Nxg7 50. Kg3 Nxf5+ 0-1

[Event "CAN-op U2000"]
[Site "Kitchener CAN"]
[Date "2006.07.22"]
[Round "9"]
[White "McClelland, Tom"]
[Black "Me, Kevin"]
[Result "1/2-1/2"]
[WhiteElo "1820"]
[BlackElo "1817"]
[PlyCount "41"]
[EventDate "2006.07.15"]
[EventType "swiss"]
[EventRounds "9"]
[EventCountry "CAN"]

1. e4 c5 2. Nf3 a6 3. c4 d6 4. d4 cxd4 5. Nxd4 Nc6 6. Nc3 Nf6 7. Be2 g6 8. Be3
Bg7 9. Nxc6 bxc6 10. h3 Rb8 11. Rb1 O-O 12. O-O c5 13. Qd2 Bb7 14. f3 Ne8 15.
Rfd1 Nc7 16. b4 cxb4 17. Rxb4 Bc6 18. Rxb8 Qxb8 19. Nd5 Nxd5 20. cxd5 Ba4 21.
Rc1 1/2-1/2

[Event "CAN-op U2000"]
[Site "Kitchener CAN"]
[Date "2006.07.22"]
[Round "9"]
[White "Ramenaden, Matthew"]
[Black "Paterson, Jim"]
[Result "1-0"]
[WhiteElo "1784"]
[BlackElo "1973"]
[PlyCount "79"]
[EventDate "2006.07.15"]
[EventType "swiss"]
[EventRounds "9"]
[EventCountry "CAN"]

1. e4 c5 2. Nf3 Nc6 3. d4 cxd4 4. Nxd4 g6 5. Nc3 Bg7 6. Be3 Nf6 7. h3 d6 8. Qd2
Bd7 9. O-O-O O-O 10. g4 Nxd4 11. Bxd4 Bc6 12. Re1 Qc7 13. g5 Nh5 14. Bxg7 Nxg7
15. h4 f6 16. Bc4+ Kh8 17. h5 gxh5 18. g6 Be8 19. Bf7 Bxf7 20. gxf7 Rxf7 21.
Nd5 Qc5 22. Reg1 Rc8 23. Rg3 Qb5 24. Rhg1 Qa4 25. Rc3 Rxc3 26. Qxc3 Qd7 27. Kb1
e5 28. Qe3 Ne8 29. Qxa7 Rg7 30. f3 Rxg1+ 31. Qxg1 Qg7 32. Qh1 Qg5 33. a3 Ng7
34. Qe1 f5 35. Qb4 fxe4 36. Qxd6 h6 37. Nf6 Qg1+ 38. Ka2 Qc5 39. Qxc5 Ne6 40.
Qc8+ 1-0

[Event "CYCC U10"]
[Site "Kitchener CAN"]
[Date "2006.07.10"]
[Round "1"]
[White "Qin, Zi Yi (Joey)"]
[Black "Williams, Maxwell"]
[Result "1-0"]
[WhiteElo "1780"]
[BlackElo "1177"]
[PlyCount "41"]
[EventDate "2006.07.10"]
[EventType "swiss"]
[EventRounds "7"]
[EventCountry "CAN"]

1. e4 g6 2. d4 Bg7 3. Nf3 Nf6 4. Nc3 e6 5. h3 d6 6. Be3 d5 7. e5 Ne4 8. Nxe4
dxe4 9. Nd2 Qd5 10. Bc4 Qa5 11. O-O Qb4 12. Bb3 Nc6 13. c3 Qe7 14. Nxe4 b6 15.
Bg5 Qd7 16. Bf6 Na5 17. Bxg7 Qc6 18. Nf6+ Kd8 19. d5 Qc5 20. dxe6+ Bd7 21.
Qxd7# 1-0

[Event "CYCC U10"]
[Site "Kitchener CAN"]
[Date "2006.07.11"]
[Round "3"]
[White "Dragan, Cristian"]
[Black "Chan, Alex"]
[Result "1-0"]
[WhiteElo "1603"]
[BlackElo "1429"]
[PlyCount "143"]
[EventDate "2006.07.10"]
[EventType "swiss"]
[EventRounds "7"]
[EventCountry "CAN"]

1. e4 e5 2. Nf3 Nc6 3. Bb5 a6 4. Bxc6 dxc6 5. O-O f6 6. Re1 Bc5 7. d3 Ne7 8.
Be3 Bb6 9. Nbd2 Be6 10. Nb3 Qd7 11. Qd2 Bxe3 12. Rxe3 b6 13. d4 exd4 14. Qxd4
Qxd4 15. Nbxd4 Kf7 16. e5 Nd5 17. Re2 c5 18. Nxe6 Kxe6 19. exf6+ Kxf6 20. Rae1
Kf7 21. Ne5+ Kf6 22. a3 Rhe8 23. Nd7+ Kf7 24. Ne5+ Kf6 25. Re4 Re7 26. c4 Rae8
27. f4 Nxf4 28. Ng4+ Kf7 29. Rxf4+ Kg6 30. Ref1 Re2 31. b4 cxb4 32. axb4 a5 33.
c5 a4 34. cxb6 cxb6 35. b5 Ra8 36. Ra1 Rb2 37. Raxa4 Rxa4 38. Rxa4 Rxb5 39. Ra6
Kg5 40. Ne3 Rb1+ 41. Kf2 b5 42. Rb6 b4 43. Nd5 b3 44. Nc3 Rb2+ 45. Kg3 Kf5 46.
Na4 Rb1 47. Nc5 b2 48. Nd3 Rd1 49. Nxb2 Rb1 50. Nc4 Rxb6 51. Nxb6 g5 52. Kf3 h5
53. Kf2 h4 54. g3 Kg4 55. Nd5 hxg3+ 56. hxg3 Kf5 57. Kf3 g4+ 58. Kf2 Ke4 59.
Ne3 Ke5 60. Nxg4+ Kf5 61. Kf3 Kg5 62. Ne3 Kf6 63. Kf4 Kg6 64. g4 Kf6 65. g5+
Kg6 66. Ng4 Kg7 67. Kf5 Kf7 68. Ne5+ Kg7 69. g6 Kf8 70. Kf6 Kg8 71. g7 Kh7 72.
Kf7 1-0

[Event "CYCC U10"]
[Site "Kitchener CAN"]
[Date "2006.07.11"]
[Round "3"]
[White "Leu, Steven"]
[Black "Florea, Alexandru"]
[Result "0-1"]
[WhiteElo "1596"]
[BlackElo "1705"]
[PlyCount "152"]
[EventDate "2006.07.10"]
[EventType "swiss"]
[EventRounds "7"]
[EventCountry "CAN"]

1. e4 e6 2. d4 d5 3. Nd2 c5 4. Ngf3 Nc6 5. dxc5 Bxc5 6. Bb5 Qb6 7. Bxc6+ bxc6
8. O-O Ba6 9. exd5 cxd5 10. c4 dxc4 11. Ne4 c3 12. Re1 Rd8 13. Qc2 Bd3 14. Qa4+
Bb5 15. Qc2 Ne7 16. Nxc5 Qxc5 17. Qxc3 Qxc3 18. bxc3 O-O 19. Ba3 Rfe8 20. Bxe7
Rxe7 21. Red1 Red7 22. Rxd7 Rxd7 23. Nd4 Rb7 24. Rb1 Ba6 25. Rxb7 Bxb7 26. h3
e5 27. Nb3 f6 28. Kf1 Kf7 29. g3 Bc8 30. h4 Ke6 31. Ke2 Kd5 32. Kd2 f5 33. f3
h6 34. Kd3 Ba6+ 35. Ke3 g5 36. hxg5 hxg5 37. Nd2 Bb5 38. a3 a6 39. g4 Bd7 40.
gxf5 Bxf5 41. c4+ Kc5 42. Ne4+ Kxc4 43. Nxg5 Bg6 44. f4 exf4+ 45. Kxf4 Kb3 46.
Nf3 Kxa3 47. Nd4 a5 48. Ke3 Kb2 49. Kd2 a4 50. Nb5 Be8 51. Nc3 a3 52. Nd1+ Kb3
53. Nc3 Bg6 54. Ne2 Kb2 55. Nc3 Bc2 56. Na2 Ba4 57. Nc1 Bb5 58. Kd1 Bc4 59. Kd2
Be2 60. Nxe2 a2 61. Ke3 a1=Q 62. Nf4 Qa4 63. Nd5 Kb3 64. Nf4 Qc4 65. Ne2 Qg4
66. Nd4+ Kc4 67. Nf3 Kc3 68. Ne5 Qd4+ 69. Kf3 Qxe5 70. Kg4 Kd3 71. Kf3 Qe4+ 72.
Kf2 Qe3+ 73. Kg2 Ke4 74. Kf1 Qd2 75. Kg1 Kf3 76. Kh1 Qg2# 0-1

[Event "CYCC U10"]
[Site "Kitchener CAN"]
[Date "2006.07.11"]
[Round "4"]
[White "Florea, Alexandru"]
[Black "Sohal, Tanraj"]
[Result "1/2-1/2"]
[WhiteElo "1785"]
[BlackElo "1483"]
[PlyCount "86"]
[EventDate "2006.07.10"]
[EventType "swiss"]
[EventRounds "7"]
[EventCountry "CAN"]

1. d4 Nf6 2. c4 e6 3. Nf3 b6 4. Qc2 Bb7 5. Nc3 Bb4 6. Bg5 d5 7. cxd5 Bxc3+ 8.
bxc3 Bxd5 9. Bxf6 Qxf6 10. e4 Bb7 11. Bd3 h6 12. a4 a5 13. Rb1 Nd7 14. Bb5 c6
15. Bd3 Rc8 16. Qd2 O-O 17. O-O Qd8 18. Rfc1 Qc7 19. Qe2 Rfe8 20. e5 c5 21. Rc2
c4 22. Be4 Bxe4 23. Qxe4 Qc6 24. Qxc6 Rxc6 25. Nd2 f5 26. Rbb2 Nb8 27. Nb1 Na6
28. Na3 Nc7 29. Kf1 Nd5 30. Nb5 Kf8 31. g3 Rb8 32. Ke2 Ke7 33. Kd2 Kd7 34. Kc1
g5 35. Kb1 g4 36. Ka2 h5 37. Ka3 Ke7 38. Ka2 Kd7 39. Kb1 Ke7 40. Kc1 Rh8 41.
Kd1 h4 42. Ke1 hxg3 43. fxg3 Ne3 1/2-1/2

[Event "CYCC U10"]
[Site "Kitchener CAN"]
[Date "2006.07.11"]
[Round "4"]
[White "Leu, Richard"]
[Black "Dragan, Cristian"]
[Result "1-0"]
[WhiteElo "1596"]
[BlackElo "1603"]
[PlyCount "101"]
[EventDate "2006.07.10"]
[EventType "swiss"]
[EventRounds "7"]
[EventCountry "CAN"]

1. e4 e6 2. d4 d5 3. exd5 exd5 4. h3 Nf6 5. Nf3 c5 6. c3 Nc6 7. Bd3 h6 8. O-O
Be7 9. dxc5 Bxc5 10. Re1+ Be6 11. Nbd2 O-O 12. Nb3 Bb6 13. Be3 Re8 14. Nfd4
Nxd4 15. Bxd4 Bxd4 16. Nxd4 Bd7 17. Qd2 a6 18. Rxe8+ Qxe8 19. Re1 Qf8 20. Qf4
Rc8 21. Bf5 Bxf5 22. Nxf5 Rc4 23. Qe5 Kh7 24. Nd4 Rc8 25. Qe7 Qe8 26. Re3 Rb8
27. Qc7 Qf8 28. Re7 Ne8 29. Qe5 Nf6 30. Rxf7 Qxf7 31. Qxb8 Qe7 32. Qf4 Qe1+ 33.
Kh2 Ne4 34. f3 Nd2 35. h4 Nf1+ 36. Kh3 Ne3 37. h5 Qh1+ 38. Qh2 Qe1 39. g3 Qf1+
40. Kh4 Ng2+ 41. Kg4 Ne3+ 42. Kf4 Nc4 43. Qc2+ Kh8 44. b3 Nb6 45. Qe2 Qc1+ 46.
Qe3 Qxe3+ 47. Kxe3 Kg8 48. Kf4 Kf7 49. Ke5 Ke7 50. Nf5+ Kf7 51. Nd6+ 1-0

[Event "CYCC U10"]
[Site "Kitchener CAN"]
[Date "2006.07.11"]
[Round "4"]
[White "Passador, Stephen"]
[Black "Wasserman, Leor"]
[Result "0-1"]
[WhiteElo "1027"]
[BlackElo "1369"]
[PlyCount "72"]
[EventDate "2006.07.10"]
[EventType "swiss"]
[EventRounds "7"]
[EventCountry "CAN"]

1. d4 d5 2. Nc3 Nf6 3. Bf4 e6 4. Nf3 c5 5. e3 c4 6. g3 Bb4 7. a3 Ba5 8. b4 cxb3
9. Qd3 Ne4 10. Rb1 Bxc3+ 11. Ke2 b2 12. Ng5 Nxg5 13. Bxg5 Qxg5 14. Qxc3 Bd7 15.
Rxb2 O-O 16. Rxb7 Rc8 17. Qd3 a6 18. Ke1 Bb5 19. Qd2 Ba4 20. Qa5 Bxc2 21. Rc7
Nc6 22. Rxc8+ Rxc8 23. Qxa6 Qd8 24. Bb5 Nb8 25. Qa7 Qf8 26. Qa5 Nc6 27. Bxc6
Rxc6 28. Ke2 Be4 29. Ra1 Qb8 30. f3 Qb2+ 31. Kf1 Qxa1+ 32. Kg2 Rc2+ 33. Kh3
Qf1+ 34. Kh4 Rxh2+ 35. Kg5 h6+ 36. Kf4 Qxf3+ 0-1